000 01346nam a2200313 4500
001 38
003 OSt
005 20250207101916.0
008 250121b |||||||g |||| 00| 1 eng d
040 _bpor
041 _heng
_apor
082 _a813
_bB118l
100 1 _aBach, Richard,
_d1936-
_999
240 _aThere´s no such place as far away
245 _aLonge é um lugar que não existe /
_cBach, Richard ; Tradução de A. B. Pinheiro de Lemos e Ilustração de Ronald Wegen
250 _a14° edição
260 _aRio de Janeiro
_bRecord
_c1979
300 _a50 p.
_bil.
520 _aHá muito tempo, Rae Hansen, uma menina às vésperas de seus cinco anos, convida o amigo Richard Bach para sua festa de aniversário. Confiante, ela o espera, apesar de saber que sua casa ficava além de desertos, tempestades e montanhas... Como RichardBach chega até lá e o presente e o presente que lhe dá são narrados nessa história mágica que emocionou milhões de leitores desde a primeira publicação em 1979.
650 0 _aLiteratura Americana
_984
650 0 _aEspiritualidade
_916
650 0 _aFilosofia
_94
650 0 _aHistorias curtas
_967
650 0 _aAuto Conhecimento
_919
655 0 _aConto
_968
700 _aA. B. Pinheiro de Lemos
_eTradutor
_9109
700 _aRonald Wegen
_eIlustração
_9110
942 _2ddc
_n0
_cBK
999 _c38
_d38